00527nam a2200169 a 4500008004100000020002200041100002100063245008700084260004300171300002400214500005400238650001800292700002000310003000100330005001700331040000900348  a015502907X (pbk.)1 aLott, William F.10aApplied Econometrics :bproblems with data sets /cWilliam F. Lott, Subhash C. Ray aFort Worth :bThe Dryden Press,c1992. ax, 329 p. ;c24 cm. aIncludes bibliographical references : p. 327-329. aEconometrics. aRay, Subhash C.20230123133321.0 cNUST